000 00768nam a2200241 4500
003 OSt
005 20260601193850.0
008 260504b2002 xxua|||| |||| 00| 0 eng d
020 _a1564969029
040 _aICI
_bspa
_cICI
050 _aTK5105.888
_bH44 2002
100 1 _aHeinicke, Elisabeth,
_eautor
_932062
245 1 _aWeb tricks and techniques :
_blayout : fast solutions for hands-on design /
_cElisabeth Heinicke
264 _aGloucester, Massachussetts :
_bRockport,
_c2002
300 _a160 páginas
_bilustraciones a color
336 _atexto
_2rdacontent
337 _asin medio
_2rdamedia
338 _avolumen
_2rdacarrier
650 _aSitios Web
_xDiseño
650 _aDiseño gráfico (Tipografía)
650 _aMaquetación
942 _2lcc
_cB
_n1
999 _c21796
_d21796